Every Song by Editors - Statistics

General Stats
  • This quiz has been taken 10 times
  • The average score is 29 of 92
Answer Stats
Album Song % Correct
An End Has a Start(2007) An End Has a Start
75%
EBM(2022) Karma Climb
75%
The Back Room(2005) Munich
63%
In This Light and on This Evening(2009) Papillon
63%
An End Has a Start(2007) The Racing Rats
63%
Violence(2018) Violence
63%
The Back Room(2005) Blood
50%
An End Has a Start(2007) Bones
50%
The Back Room(2005) Bullets
50%
The Weight of Your Love(2013) Formaldehyde
50%
Violence(2018) Hallelujah (So Low)
50%
EBM(2022) Heart Attack
50%
In This Light and on This Evening(2009) In This Light and on This Evening
50%
EBM(2022) Strange Intimacy
50%
EBM(2022) Strawberry Lemonade
50%
The Weight of Your Love(2013) Sugar
50%
The Weight of Your Love(2013) The Weight
50%
In Dream(2015) All the Kings
38%
In Dream(2015) At All Cost
38%
The Weight of Your Love(2013) Bird of Prey
38%
In This Light and on This Evening(2009) Bricks and Mortar
38%
The Back Room(2005) Camera
38%
Violence(2018) Cold
38%
Violence(2018) Counting Spooks
38%
Violence(2018) Darkness at the Door
38%
EBM(2022) Educate
38%
The Back Room(2005) Fingers in the Factories
38%
In Dream(2015) Forgiveness
38%
The Weight of Your Love(2013) Honesty
38%
The Weight of Your Love(2013) Hyena
38%
EBM(2022) Kiss
38%
In Dream(2015) Life Is a Fear
38%
The Back Room(2005) Lights
38%
Violence(2018) Magazine
38%
In Dream(2015) No Harm
38%
Violence(2018) No Sound but the Wind
38%
In Dream(2015) Ocean of Night
38%
In Dream(2015) Our Love
38%
An End Has a Start(2007) Push Your Head Towards the Air
38%
EBM(2022) Silence
38%
An End Has a Start(2007) Smokers Outside the Hospital Doors
38%
An End Has a Start(2007) Spiders
38%
In This Light and on This Evening(2009) The Boxer
38%
The Weight of Your Love(2013) The Phone Book
38%
An End Has a Start(2007) The Weight of the World
38%
The Weight of Your Love(2013) Two Hearted Spider
38%
EBM(2022) Vibe
38%
An End Has a Start(2007) When Anger Shows
38%
In This Light and on This Evening(2009) You Don't Know Love
38%
The Back Room(2005) All Sparks
25%
The Weight of Your Love(2013) A Ton of Love
25%
Violence(2018) Belong
25%
In This Light and on This Evening(2009) Eat Raw Meat = Blood Drool
25%
An End Has a Start(2007) Escape the Nest
25%
The Back Room(2005) Fall
25%
In This Light and on This Evening(2009) Like Treasure
25%
The Weight of Your Love(2013) Nothing
25%
Violence(2018) Nothingness
25%
In Dream(Bonus)(2015) Oh My World
25%
EBM(2022) Picturesque
25%
The Back Room(2005) Someone Says
25%
In Dream(2015) The Law
25%
Violence(Bonus)(2018) The Pulse
25%
An End Has a Start(2007) Well Worn Hand
25%
The Weight of Your Love(2013) What Is This Thing Called Love
25%
Cuttings II(2009) A Life as a Ghost
13%
An End Has a Start(Bonus)(2007) A Thousand Pieces
13%
An End Has a Start(Bonus)(2007) Banging Heads
13%
The Blanck Mass Sessions(2019) Barricades
13%
Cuttings(2005) Colours
13%
The Weight of Your Love(Bonus)(2013) Comrade Spill My Blood
13%
Cuttings(2005) Crawl Down the Wall
13%
The Back Room(2005) Distance
13%
Cuttings(2005) Forest Fire
13%
Cuttings II(2009) For the Money
13%
The Weight of Your Love(Bonus)(2013) Get Low
13%
In Dream(Bonus)(2015) Harm
13%
Cuttings II(2009) Human
13%
Cuttings II(2009) I Want a Forest
13%
Cuttings(2005) Let Your Good Heart Lead You Home
13%
In Dream(2015) Marching Orders
13%
An End Has a Start(Bonus)(2007) Open Up
13%
The Back Room(2005) Open Your Arms
13%
Cuttings(2005) Release
13%
In Dream(2015) Salvation
13%
In This Light and on This Evening(2009) The Big Exit
13%
In This Light and on This Evening(Bonus)(2009) These Streets Are Still Home to Me
13%
The Weight of Your Love(Bonus)(2013) The Sting
13%
Cuttings II(2009) This House Is Full of Noise
13%
In This Light and on This Evening(2009) Walk the Fleet Road
13%
Violence(Bonus)(2018) When We Were Angels
13%
Cuttings(2005) You Are Fading
13%
No matching quizzes found
Score Distribution
Percent of People with Each Score
Percentile by Number Answered
Your Score History
You have not taken this quiz